000 00724nam a2200241 a 4500
001 BRCA_5257
005 20190320205015.0
008 301110s1941----gw-a######---#000-0#ger-#
041 _ager
044 _agw
050 4 _aND813
_b.W35 1941
100 1 _aWaldmann, Emil
_97381
245 1 0 _aDomenikos Theotokopoulos gennant El Greco
_cEmil Waldmann.
260 _aBielefeld, Alemania
_bVelhagen & Klasing
_c1941
300 _a131 p.
_bil., 93 láminas
_c26 cm.
440 0 _aKunstler-monographien
_913466
500 _aIncluye índice de ilustraciones
500 _aE76
600 1 4 _aTheotocopulli, Dominico
_cllamado El Greco
_dm. 1614
_913467
650 1 4 _aPintores españoles
_97620
902 _aGFM
942 _2lcc
_cB
999 _c4951
_d4951